Movies Quiz

Random Movies or Vocabulary Quiz

Dictionary Proximity: Movie Edition Quiz Stats

Quiz Updated Feb 11, 2014

Challenge
Share
Tweet
Embed
Score 0/40 Timer 08:00
22 Plays Today
Proximity Title Actual Title % Correct
SeverSe7en
83.8%
Loser in TransitLost in Translation
73.8%
Schizo's LispSchindler's List
64.6%
Bladder RunnyBlade Runner
61.9%
GoldfishGoldfinger
61.8%
The GodivaThe Godfather
59.3%
The StinkThe Sting
53.3%
The Greasy EscargotThe Great Escape
47.3%
Savannah Privileged RyeSaving Private Ryan
44.7%
Dandelion with WomanDances with Wolves
44%
Apologetic NoviceApocalypse Now
40.2%
Almond FanaticAlmost Famous
39.4%
Jupiter ParkaJurassic Park
39.3%
Broiler MountieBrokeback Mountain
38.9%
Ragtime BulkRaging Bull
38.4%
Rosebud's BaboonRosemary's Baby
35.7%
The Principal BridgeThe Princess Bride
34.7%
Blathering SadismBlazing Saddles
33.2%
Pulsating FiddlePulp Fiction
32.5%
The Bludgeon BrothelThe Blues Brothers
32.3%
Proximity Title Actual Title % Correct
AvalancheAvatar
30.2%
The Scholarship of RochesterThe School of Rock
27.7%
FarewellFargo
27.3%
The Frenzied ConjurerThe French Connection
27%
CrappyCrash
26%
Toxic StorkToy Story
24.6%
Fido of DreadlocksField of Dreams
24.6%
The Lotion BozosThe Lost Boys
24.6%
JunkyardJuno
23.1%
The Thinking Recycled LinchpinThe Thin Red Line
20.5%
ToothpickTootsie
20%
Pansy's LacePan's Labyrinth
16.1%
Howitzer's Movie CastoffHowl's Moving Castle
15.8%
Bastard BegoneBatman Begins
15.4%
Higgledy-piggledy FiddlingHigh Fidelity
15%
Fifty ClownsFight Club
12.9%
Reasonable WindmillRear Window
9.9%
AlzheimerAmadeus
8.3%
Irksome MammogramIron Man
7.4%
Rainy ArkRaising Arizona
4.6%

You're not logged in!

Compare scores with friends on all Sporcle quizzes.
Sign Up with Email
OR
Log In

You Might Also Like...

Show Comments

Extras

Top Quizzes Today


Score Distribution

Your Account Isn't Verified!

In order to create a playlist on Sporcle, you need to verify the email address you used during registration. Go to your Sporcle Settings to finish the process.